00805nam a22002297a 4500003000900000005001700009008002900026020001800055040002200073082002800095100004100123245008300164260005700247300002600304490003400330650003600364650003300400650003500433700003400468700004600502710002700548DO-SdBNP20241004103225.0161129b2008 cl a 00| 0 spa d a9789583008399 aBPMSUbspacBPMSU 4a833.7 bG864b 20082221 4Grimm, Jacob Ludwig Karl d1985-186310aBlancanieves /cJacobo y Wilhelm Grimm ; ilustraciones Javier Fernando Porras  aBogotá, Colombia :bPanamericana Editorial, c2008 a8 p. :bil.,;c28 cm.0 a Biblioteca del cuento a v  4aCuentos infantiles alemanes v  4aBrujas vCunentos infantiles 4aLibros ilustrados para niños1 aGrimm, ‎Wilhelm ecreador 1 aPorras, Javier Fernando eilustración 2 aPanamericana Editorial